| 000 | 00644nam a2200205Ia 4500 | ||
|---|---|---|---|
| 003 | GCL | ||
| 008 | 140319s9999 xx 000 0 ara d | ||
| 040 |
_aGCL / _cGCL |
||
| 082 | 0 | 4 |
_a819 _bو م |
| 100 | 1 | _aوداد القاضى | |
| 245 | 1 | 0 |
_aمختارات من النثر العربى / _cوداد القاضى |
| 260 |
_a[S.N] : _bالمؤسسة العامة للدرسات والنشر والتوزيع ، _c1980 |
||
| 300 | _a532 ص | ||
| 490 | _a | ||
| 650 | 0 | 4 | _aالادب العربى |
| 650 | 0 | 4 | _aالنثر العربى |
| 650 | 0 | 4 | _aالتراث العربى |
| 650 | 0 | 4 | _aالبلاغة العربية |
| 942 |
_2ddc _cBK |
||
| 999 |
_c37264 _d37264 |
||